Action Movies by Tagline Quiz Stats

 Plays Quiz Updated May 19, 2015

Challenge
Share
Tweet
Embed
Score 0/24 Timer 06:00
0 Plays Today
% Correct
Casino Royale
93.6%
RoboCop
92.8%
The Lord of the Rings: The Two Towers
92.2%
Taken
91.2%
Mad Max: Fury Road
89.4%
Indiana Jones and the Last Crusade
87.3%
Kill Bill: Volume 2
86.9%
The Adventures of Robin Hood
86.2%
Saving Private Ryan
85.3%
Inception
81.9%
Die Hard
80.8%
Terminator 2
80.7%
% Correct
Sin City
80.5%
Aliens
80.2%
The Bourne Identity
69.5%
Divergent
65.9%
V for Vendetta
62.9%
The Boondock Saints
61.3%
Pacific Rim
59.3%
Looper
58.2%
Enter the Dragon
53.7%
Gladiator
52.1%
A Fistful of Dollars
50.2%
Patriot Games
40.8%

You're not logged in!

Compare scores with friends on all Sporcle quizzes.
Join for Free
OR
Log In

You Might Also Like...

Show Comments

Extras

Top Quizzes Today


Score Distribution

Your Account Isn't Verified!

In order to create a playlist on Sporcle, you need to verify the email address you used during registration. Go to your Sporcle Settings to finish the process.

Report this User

Report this user for behavior that violates our Community Guidelines.

Details: